[Event "2011 Canadian Closed"]
[Site "Guelph Canada"]
[EventDate "2011.05.06"]
[Date "2011.05.07"]
[Round "3"]
[White "Barron, Michael"]
[WhiteTitle "FM"]
[WhiteElo "2328"]
[Black "Tremblay, Rejean"]
[BlackTitle "-"]
[BlackElo "2238"]
[Result "0-1"]
[Source "MonRoi"]

1. e4 e6 2. d4 d5 3. Nd2 Nf6 4. e5 Nfd7 5. f4 c5 6. c3 Nc6 7. Ndf3 Qb6 8. Ne2 f6 9. exf6 Nxf6 10. Qb3 c4 11. Qc2 Bd7 12. Ne5 Nxe5 13. fxe5 Ne4 14. Ng3 Nxg3 15. hxg3 g6 16. Bg5 Be7 17. Bxe7 Kxe7 18. Qd2 Raf8 19. O-O-O Qa5 20. Kb1 Rf7 21. Be2 Ke8 22. Rdf1 Rhf8 23. Rf3 Qd8 24. Bd1 Qe7 25. Qh6 Rxf3 26. gxf3 Rf7 27. f4 b5 28. Qh4 Qxh4 29. Rxh4 Kf8 30. Bc2 Kg8 31. Kc1 Kg7 32. Kd2 Rf8 33. Ke3 a5 34. a3 Rb8 35. Rh1 Bc8 36. g4 Bd7 37. f5 exf5 38. gxf5 gxf5 39. Kf4 Rf8 40. Rh5 h6 41. Bxf5 Be8 42. Rh2 Bg6 43. Re2 Rxf5 44. Kg3 Kf7 45. Rh2 h5 46. Kh4 Rf4 47. Kg5 Rg4 48. Kh6 h4 49. Rf2 Ke7 50. Rh2 Bf7 51. Rf2 h3 52. Rh2 Rg6 53. Kh7 Rg3 54. Kh6 Be6 55. Kh5 Rg2  0-1

[Event "2011 Canadian Closed"]
[Site "Guelph Canada"]
[EventDate "2011.05.06"]
[Date "2011.05.07"]
[Round "3"]
[White "Dougherty, Michael"]
[WhiteTitle "FM"]
[WhiteElo "2312"]
[Black "Mills, Morgon"]
[BlackTitle "-"]
[BlackElo "2056"]
[Result "0-1"]
[Source "MonRoi"]

1. Nf3 d5 2. b3 Nf6 3. Bb2 e6 4. e3 Be7 5. d4 Nbd7 6. Bd3 c5 7. O-O O-O 8. Nbd2 b6 9. Ne5 Bb7 10. f4 Ne4 11. Qe2 f5 12. Rad1 Rc8 13. Bxe4 fxe4 14. Nxe4 dxe4 15. dxc5 Bd5 16. c4 Nxe5 17. Bxe5 Bxc5 18. Kh1 Rf7 19. g4 Rd7 20. cxd5 exd5 21. Rd2 Qh4 22. f5 Qh3 23. Bg3 Bxe3 24. Rdd1 Qh6 25. h4 Rc3 26. Be1 Rc1 27. Rxc1 Bxc1 28. Bg3 Qc6 29. Kh2 d4 30. Rxc1 Qxc1 31. Qxe4 Qe3 32. Qa8 Kf7 33. g5 Qe2 34. Kh3 Qf1 35. Kg4 g6 36. fxg6 hxg6 37. Bf4 Qe2 38. Kg3 Qd3 39. Kh2 Qf5 40. Kg3 d3 41. Qg2 Rd4 42. Qb7 Kg8 43. Qb8 Qf8 44. Qe5 Qxf4  0-1

[Event "2011 Canadian Closed"]
[Site "Guelph Canada"]
[EventDate "2011.05.06"]
[Date "2011.05.07"]
[Round "3"]
[White "Nicholson, Matthew"]
[WhiteTitle "-"]
[WhiteElo "2020"]
[Black "Jung, Hans"]
[BlackTitle "FM"]
[BlackElo "2289"]
[Result "0-1"]
[Source "MonRoi"]

1. e4 c5 2. Nf3 e6 3. d4 cxd4 4. Nxd4 a6 5. Bd3 Qc7 6. O-O Nf6 7. Nc3 Nc6 8. Nb3 b5 9. f4 b4 10. Ne2 d5 11. e5 Nd7 12. Be3 Na5 13. Nxa5 Qxa5 14. Nd4 g6 15. Qg4 Nc5 16. Kh1 Nxd3 17. cxd3 Bd7 18. Qh4 Be7 19. Qh6 Bf8 20. Qh4 Qd8 21. Qf2 Be7 22. g4 Qb8 23. Rae1 Qb7 24. Kg1 h5 25. f5 gxf5 26. gxf5 Rg8 27. Kh1 exf5 28. Rg1 Rg4 29. Rxg4 hxg4 30. Kg1 Rc8 31. Nxf5 Bxf5 32. Qxf5 Qd7 33. Qh5 Qe6 34. Re2 Qg6 35. Qxg6 fxg6 36. Rg2 Kf7 37. Rxg4 g5 38. Rg2 Ke6 39. Re2 Rh8 40. Kg2 Rh4 41. d4 Re4 42. Kf3 g4 43. Kg3 Bg5 44. Kf2 Bxe3 45. Rxe3 Rxd4 46. Kg3 Rd2 47. Rb3 a5 48. Kxg4 Rxh2 49. Kf4 Rh4 50. Ke3 Kxe5 51. Kd2 Rh2 52. Kc1 Kd4 53. Rg3 Re2 54. Rg4 Kd3 55. Rg3 Re3 56. Rg1 d4 57. Rh1 a4 58. Rd1 Kc4 59. Kc2 b3 60. axb3 axb3 61. Kc1 Re2 62. Rd2 Re1 63. Rd1 Rxd1 64. Kxd1 Kd3 65. Kc1 Ke2  0-1

[Event "2011 Canadian Closed"]
[Site "Guelph Canada"]
[EventDate "2011.05.06"]
[Date "2011.05.07"]
[Round "3"]
[White "Filipovich, David"]
[WhiteTitle "-"]
[WhiteElo "2174"]
[Black "Drkulec, Vladimir"]
[BlackTitle "-"]
[BlackElo "2202"]
[Result "1-0"]
[Source "MonRoi"]

1. Nf3 b6 2. g3 Bb7 3. Bg2 g6 4. c4 c5 5. Nc3 Bg7 6. O-O e6 7. d4 a6 8. e4 cxd4 9. Nxd4 Nc6 10. Be3 Nge7 11. f4 O-O 12. g4 Na5 13. b3 e5 14. fxe5 Bxe5 15. Nd5 Nxd5 16. cxd5 Qb8 17. Nf3 Bc7 18. Bh6 Re8 19. Qd4 Re5 20. Nxe5 Bxe5 21. Qxb6 Bc7 22. Qf6 Be5 23. Qxf7 Kh8 24. Bf4 Bxf4 25. Qxf4 Qe8  1-0

[Event "2011 Canadian Closed"]
[Site "Guelph Canada"]
[EventDate "2011.05.06"]
[Date "2011.05.07"]
[Round "3"]
[White "Sapozhnikov, Roman"]
[WhiteTitle "-"]
[WhiteElo "2451"]
[Black "Haessel, Dale"]
[BlackTitle "FM"]
[BlackElo "2233"]
[Result "1/2-1/2"]
[Source "MonRoi"]

1. e4 e5 2. Nf3 Nf6 3. d4 Nxe4 4. Bd3 d5 5. Nxe5 Nd7 6. Nc3 Nxe5 7. dxe5 Nxc3 8. bxc3 Be7 9. Qh5 Be6 10. Rb1 Qd7 11. h3 O-O-O 12. Bb5 c6 13. Ba6 bxa6 14. Qe2 Qb7 15. Rxb7 Kxb7 16. O-O Bc5 17. Be3 Bb6 18. Rb1 Rb8 19. Bc5 g6 20. Qe3 Kc7 21. Bd6 Kd7 22. Qc1 Rb7 23. Kh2 h5 24. Qa3 a5 25. Bc5 Kc8 26. Bxb6 axb6 27. Qd6 Bd7 28. Qf6 Rh7 29. Qe7 Kb8 30. Qd8 Ka7 31. Qg8  1/2-1/2

[Event "2011 Canadian Closed"]
[Site "Guelph Canada"]
[EventDate "2011.05.06"]
[Date "2011.05.07"]
[Round "3"]
[White "Qin, Joey"]
[WhiteTitle "-"]
[WhiteElo "2353"]
[Black "Anastasovski, Nikola"]
[BlackTitle "-"]
[BlackElo "2190"]
[Result "1-0"]
[Source "MonRoi"]

1. e4 e5 2. Nf3 Nc6 3. Bc4 Nf6 4. d3 Bc5 5. c3 d6 6. Bb3 Bb6 7. h3 h6 8. Nbd2 O-O 9. Nc4 Be6 10. O-O Qd7 11. a4 Bxc4 12. Bxc4 d5 13. exd5 Nxd5 14. Qc2 a5 15. Re1 Rfe8 16. Bb5 Qf5 17. Bd2 Re6 18. Re2 Rd8 19. Rae1 f6 20. Qb3 Kh8 21. d4 Red6 22. Bxc6 Rxc6 23. dxe5 fxe5 24. Rxe5 Qf7 25. R5e2 Rf6 26. c4 Nf4 27. Bxf4 Rxf4 28. Re4 Rxe4 29. Rxe4 Rf8 30. Qc2 Bc5 31. Re2 Kg8 32. Qe4 Rd8 33. g3 b6 34. Kg2 Bd6 35. Nh4 Bc5 36. Nf3 Bd6 37. b3 Rf8 38. Nh4 Bc5 39. Nf3 Qf6 40. h4 Qf7 41. Ne5 Qe6 42. f4 Bd6 43. Qd5 Re8 44. Nf3 Qxd5 45. Rxe8 Kf7 46. cxd5 Kxe8 47. Nd4 Bf8 48. Ne6 Ke7 49. Kf3 c6 50. Nxf8 Kxf8 51. dxc6 Ke7 52. Ke4 Kd6 53. h5 Kxc6 54. Kd4 b5 55. g4 bxa4 56. bxa4 Kd6 57. Kc4 Kc6 58. g5 Kd6 59. Kb5 Ke6 60. gxh6 gxh6 61. Kxa5 Kf5 62. Kb5 Kxf4 63. a5 Kg4 64. a6 Kxh5 65. a7 Kg4 66. a8Q h5 67. Kc4 h4 68. Kd3 h3 69. Ke3 Kg3 70. Qg8 Kh2 71. Kf2  1-0

[Event "2011 Canadian Closed"]
[Site "Guelph Canada"]
[EventDate "2011.05.06"]
[Date "2011.05.07"]
[Round "4"]
[White "Gerzhoy, Leonid"]
[WhiteTitle "IM"]
[WhiteElo "2629"]
[Black "Plotkin, Victor"]
[BlackTitle "-"]
[BlackElo "2422"]
[Result "1-0"]
[Source "MonRoi"]

1. d4 Nf6 2. c4 e6 3. Nf3 b6 4. g3 Bb7 5. Bg2 d5 6. cxd5 exd5 7. O-O Be7 8. Nc3 O-O 9. Bf4 Nbd7 10. Rc1 c6 11. Qc2 Re8 12. Rfd1 Nf8 13. e4 dxe4 14. Nxe4 Nxe4 15. Qxe4 Ng6 16. Ne5 Bf6 17. Qf5 Bc8 18. Qh5 Be6 19. Bxc6 Nxf4 20. gxf4 Bxa2 21. Bxe8 Qxe8 22. Qf3 Rd8 23. b3 Qe6 24. d5 Qf5 25. Nc6 Re8 26. d6 Bd8 27. d7 Rf8 28. Nxd8 Rxd8 29. Rc8  1-0

[Event "2011 Canadian Closed"]
[Site "Guelph Canada"]
[EventDate "2011.05.06"]
[Date "2011.05.07"]
[Round "4"]
[White "Tremblay, Rejean"]
[WhiteTitle "-"]
[WhiteElo "2238"]
[Black "Noritsyn, Nikolay"]
[BlackTitle "IM"]
[BlackElo "2584"]
[Result "0-1"]
[Source "MonRoi"]

1. d4 e6 2. e4 b6 3. c4 Bb7 4. Nc3 Bb4 5. Bd3 f5 6. f3 Qh4 7. g3 Qh5 8. exf5 Nc6 9. fxe6 dxe6 10. d5 exd5 11. cxd5 Ne5 12. Bb5 c6 13. dxc6 Nxc6 14. Qa4 Bxc3 15. bxc3 Nge7 16. Bc4 O-O-O 17. Bf4 Nd5 18. Ba6 Rhe8 19. Ne2 Na5 20. Bxb7 Kxb7 21. Bd2 Qxf3 22. O-O-O Qxe2 23. Rhe1 Qc4 24. Qxc4 Nxc4 25. Bg5 Rxe1 26. Rxe1 Rc8 27. Kc2 h6 28. Bc1 b5 29. Re4 Ncb6 30. Bd2 b4 31. c4 Nxc4 32. Rd4 Nxd2 33. Kxd2 Rd8 34. Kc1 a5 35. Kb2 Kb6 36. Rg4 Rd7 37. Rg6 Kb5 38. h4 Nb6 39. Re6 Nc4 40. Kc1 Rf7 41. g4 a4 42. Re8 Rf1 43. Kc2 Rf2 44. Kb1 b3 45. Rb8 Kc5 46. axb3 axb3 47. Rc8 Kb4 48. Rb8 Kc3 49. Rxb3 Kxb3 50. g5  0-1

[Event "2011 Canadian Closed"]
[Site "Guelph Canada"]
[EventDate "2011.05.06"]
[Date "2011.05.07"]
[Round "4"]
[White "Calugar, Arthur"]
[WhiteTitle "-"]
[WhiteElo "2401"]
[Black "Kleinman, Michael"]
[BlackTitle "-"]
[BlackElo "2301"]
[Result "1-0"]
[Source "MonRoi"]

1. e4 c5 2. Nf3 d6 3. d4 cxd4 4. Nxd4 Nf6 5. Nc3 g6 6. Be3 Bg7 7. f3 Nc6 8. Qd2 O-O 9. Bc4 Bd7 10. Bb3 Rc8 11. O-O-O Ne5 12. Kb1 a6 13. h4 h5 14. Bh6 Nc4 15. Bxc4 Rxc4 16. Bxg7 Kxg7 17. Nd5 e5 18. Nb3 Be6 19. Ne3 Rc6 20. Na5 Rc8 21. Nxb7 Qb6 22. Nxd6 Rc6 23. g4 Rb8 24. b3 Kf8 25. Nd5 Bxd5 26. g5 Ne8 27. Nxe8 Bxb3 28. cxb3 Rxe8 29. Rc1 Rd6 30. Qc3 Rd4 31. Rhf1 Red8 32. f4 Qb7 33. fxe5 Qxe4+ 34. Qc2 Qxe5 35. Qxg6 Qe4 36. Qxe4 Rxe4 37. g6 Rd7 38. gxf7 Rxf7 39. Rc8+ Kg7 40. Rxf7+ Kxf7 41. Rc4 Rg4 42. Kb2 Rg2+ 43. Ka3 Rh2 44. b4 Ke6 45. Rc6+ Kd7 46. Rxa6 Rxh4 47. Rh6 Kc7 48. Kb3 Rh3 49. Ka4 h4 50. a3 Rh1 51. Kb5 h3 52. a4 h2 53. a5 Kb7 54. Rh7+ Kc8 55. a6 Rg1  1-0

[Event "2011 Canadian Closed"]
[Site "Guelph Canada"]
[EventDate "2011.05.06"]
[Date "2011.05.07"]
[Round "4"]
[White "Hamilton, Robert"]
[WhiteTitle "FM"]
[WhiteElo "2370"]
[Black "Mills, Morgon"]
[BlackTitle "-"]
[BlackElo "2056"]
[Result "0-1"]
[Source "MonRoi"]

1. d4 d5 2. c4 Nc6 3. cxd5 Qxd5 4. Nf3 e5 5. Nc3 Bb4 6. Bd2 Bxc3 7. Bxc3 e4 8. Nd2 Nf6 9. e3 O-O 10. Qc2 a5 11. Bc4 Qf5 12. O-O Ne7 13. f3 b5 14. fxe4 Qh5 15. e5 Ng4 16. h3 Nxe3 17. Qe4 Nxf1 18. Bxf1 Bf5 19. Qe1 b4 20. g4 Bxg4 21. hxg4 Qxg4 22. Bg2 Ra6 23. Qe4 Qxe4 24. Nxe4 bxc3 25. Nxc3 Rb6 26. b3 Rd8 27. d5 Ng6 28. Na4 Rb5 29. Re1 Nf4 30. Bf3 Nxd5 31. e6 fxe6 32. Rxe6 Nb4 33. a3 Nc2 34. Nc3 Rg5 35. Kf2 Rf8  0-1

[Event "2011 Canadian Closed"]
[Site "Guelph Canada"]
[EventDate "2011.05.06"]
[Date "2011.05.07"]
[Round "4"]
[White "Itkin, David"]
[WhiteTitle "-"]
[WhiteElo "2160"]
[Black "Stevens, Christian"]
[BlackTitle "FM"]
[BlackElo "2378"]
[Result "1-0"]
[Source "MonRoi"]

1. e4 c5 2. Nf3 d6 3. d4 cxd4 4. Nxd4 Nf6 5. Nc3 Nc6 6. Bc4 Qb6 7. Nb3 e6 8. Bf4 Ne5 9. Be2 a6 10. O-O Be7 11. Be3 Qc7 12. f4 Nc4 13. Bxc4 Qxc4 14. Qf3 O-O 15. a4 Bd7 16. Rad1 e5 17. fxe5 dxe5 18. Qg3 Be6 19. Qxe5 Ng4 20. Qg3 Nxe3 21. Qxe3 b5 22. axb5 axb5 23. Kh1 b4 24. Nd5 Bxd5 25. exd5 Bf6 26. Nc5 Rfe8 27. Qf2 Rad8 28. d6 Bh4 29. g3 Bg5 30. b3 Qe2 31. Qxf7 Kh8 32. d7 Rg8 33. Rde1 Qxc2 34. Ne6 Qc6 35. Kg1 Qb6 36. Qf2  1-0

[Event "2011 Canadian Closed"]
[Site "Guelph Canada"]
[EventDate "2011.05.06"]
[Date "2011.05.07"]
[Round "4"]
[White "Guo, Josh"]
[WhiteTitle "-"]
[WhiteElo "2272"]
[Black "Filipovich, David"]
[BlackTitle "-"]
[BlackElo "2174"]
[Result "1-0"]
[Source "MonRoi"]

1. e4 g6 2. d4 Bg7 3. Nc3 d6 4. Nf3 Nf6 5. h3 O-O 6. Be3 a6 7. a4 d5 8. e5 Ne4 9. Bd3 Nxc3 10. bxc3 c5 11. O-O Nc6 12. Qd2 c4 13. Be2 f6 14. Bh6 Be6 15. Rab1 Qd7 16. Bxg7 Kxg7 17. exf6 exf6 18. Rfe1 Rfe8 19. Nh2 Na5 20. Bf3 Bf5 21. Ng4 Bxg4 22. Bxg4 f5 23. Bf3 Rxe1 24. Rxe1 Re8 25. Re5 Rxe5 26. dxe5 Qxa4 27. Qxd5 Qa1 28. Kh2 Qxc3 29. e6 Nc6 30. Qd7 Kf6 31. Qf7 Kg5 32. h4 Kh6 33. Bxc6 bxc6 34. e7 Qe5 35. Kh3 Qc3 36. f3  1-0

[Event "2011 Canadian Closed"]
[Site "Guelph Canada"]
[EventDate "2011.05.06"]
[Date "2011.05.07"]
[Round "4"]
[White "Djerkovic, Miladin"]
[WhiteTitle "-"]
[WhiteElo "2280"]
[Black "Sapozhnikov, Roman"]
[BlackTitle "-"]
[BlackElo "2451"]
[Result "1/2-1/2"]
[Source "MonRoi"]

1. c4 Nf6 2. Nc3 g6 3. e4 d6 4. Nge2 Bg7 5. g3 O-O 6. Bg2 c5 7. O-O Nc6 8. d3 Bd7 9. a3 a6 10. Rb1 Rb8 11. b4 cxb4 12. axb4 b5 13. cxb5 axb5 14. d4 Qc8 15. Qd3 Be6 16. Nd5 Bxd5 17. exd5 Na7 18. Nc3 Qd7 19. Re1 Nc8 20. Bg5 h6 21. Bxf6 Bxf6 22. Ra1 Nb6 23. Nxb5 Nxd5 24. Bxd5 Qxb5 25. Qxg6 Bg7 26. Qe4 e6 27. Ba2 d5 28. Qe3 Ra8 29. Qd2 Ra4 30. Rab1 Rfa8 31. Rb2 Rb8 32. Rc1 Rxb4 33. Rc8 Rxc8 34. Rxb4 Rc1 35. Qxc1 Qxb4 36. Qc8 Bf8 37. Qc2 Qxd4 38. Bb1 f5 39. Qe2 Kf7 40. Qd3 Qb6 41. Bc2 Bc5 42. Qf3 Ke7 43. Kg2 Qb2 44. Bd3 Kd6 45. h3 Kc6 46. g4 fxg4 47. hxg4 Qd4 48. Bf1 Kb6 49. Qb3 Kc7 50. Qg3 Kc6 51. Qf3 Bb6 52. Be2 Qe5 53. Bd3 Qd4 54. Bg6 Bc5 55. Be8 Kb6 56. Bf7 Qe5 57. Qg3 Qe4 58. Qf3 Qe1 59. Qf6 Ka5 60. Bxe6 Qe4 61. Kg1 Qe1 62. Kg2 Bxf2 63. Qd8 Kb4 64. Qxd5 Qg1  1/2-1/2

[Event "2011 Canadian Closed"]
[Site "Guelph Canada"]
[EventDate "2011.05.06"]
[Date "2011.05.07"]
[Round "4"]
[White "Humphreys, Michael"]
[WhiteTitle "-"]
[WhiteElo "2273"]
[Black "Qin, Joey"]
[BlackTitle "-"]
[BlackElo "2353"]
[Result "1/2-1/2"]
[Source "MonRoi"]

1. Nf3 Nf6 2. c4 g6 3. Nc3 Bg7 4. e4 d6 5. d4 O-O 6. Be2 e5 7. O-O Nc6 8. d5 Ne7 9. Ne1 Nd7 10. Be3 f5 11. f3 f4 12. Bf2 g5 13. a4 a6 14. Nd3 Rf6 15. c5 b6 16. cxd6 cxd6 17. a5 bxa5 18. Qa4 Rh6 19. Qxa5 Qe8 20. Kh1 Qh5 21. Bg1 Nf6 22. Qd8+ Bf8 23. Nf2 Qh4 24. Bd1 Rg6 25. Ng4 Rb8 26. Bf2 Qh5 27. Qxd6 Nxg4 28. fxg4 Qxh2+ 29. Kxh2 Rxd6 30. Na4 Rb4 31. Re1 Bd7 32. Bc5 Rh6+ 33. Kg1 Rb8 34. b4 Nc8 35. Bxf8 Kxf8 36. Nc5 Bb5 37. Ne6+ Ke7 38. Nxg5 Nd6 39. Nf3 Nf7 40. g5 Rhb6 41. Be2 Bd7 42. Bd3 Rxb4 43. Rxa6 R8b6 44. Rea1 Rxa6 45. Rxa6 Rb3 46. d6+ Nxd6 47. Nxe5 Bc8 48. Ra7+ Bb7 49. Nc4 Rxd3 50. Nxd6 Kxd6 51. Rxb7 Rg3 52. Kf2 Rxg5 53. Rxh7 Rg3 54. Rh3 Rg5 55. Rd3+ Ke6 56. Ra3 Rb5 57. Rd3 Rb1 58. Rd5 Rb2+ 59. Kf3 Rb1 60. Kxf4 Rf1+ 61. Ke3 Re1+ 62. Kf3 Ra1 63. g4 Rf1+ 64. Kg3 Re1 65. Kf4 Rf1+ 66. Kg5 Re1 67. Rd8 Ke7 68. Rd4 Kf7 69. Ra4 Re2 70. Ra7+ Ke6 71. Ra8 Kf7 72. Kf5 Rf2+ 73. Ke5 Rg2 74. Ra7+ Kg6 75. Ra6+ Kf7 76. Rf6+ Ke7 77. Rg6 Kf7 78. Rg5 Rg1 79. Rf5+ Kg6 80. Rf8 Kg7 81. Rf4 Kg6 82. Ke6 Ra1 83. e5 Ra6+ 84. Kd7 Ra7+ 85. Kd8 Ra8+ 86. Kc7 Ra7+ 87. Kb6 Re7 88. Re4 Kf7 89. Kc6 Ke6 90. Kc5 Rd7 91. Kc4 Rd5 92. Rf4 Rxe5 93. Kd4 Re1 94. Rf8 Rg1 95. Rf4 Re1 96. Rf8 Rg1 97. Rg8 Kf7 98. Rg5 Kf6 99. Rf5+ Kg6 100. Rf4 Kg5 101. Re4 Rxg4 102. Rxg4+ Kxg4  1/2-1/2

[Event "2011 Canadian Closed"]
[Site "Guelph Canada"]
[EventDate "2011.05.06"]
[Date "2011.05.07"]
[Round "4"]
[White "Barron, Michael"]
[WhiteTitle "FM"]
[WhiteElo "2328"]
[Black "Upper, John"]
[BlackTitle "-"]
[BlackElo "2169"]
[Result "1/2-1/2"]
[Source "MonRoi"]

1. e4 e6 2. d4 d5 3. Nd2 Nf6 4. e5 Nfd7 5. f4 c5 6. c3 Nc6 7. Ndf3 cxd4 8. Nxd4 Nxd4 9. cxd4 Qb6 10. Nf3 Nb8 11. b3 Bd7 12. Bd3 Bb5 13. O-O Bxd3 14. Qxd3 g6 15. g4 h5 16. h3 hxg4 17. hxg4 Nc6 18. Be3 O-O-O 19. Kg2 Be7 20. Rh1 Kb8 21. Rxh8 Rxh8 22. Rh1 Rxh1 23. Kxh1 Nb4 24. Qe2 Qa5 25. a4 Qc7 26. Qb5 Qc6 27. f5 Qxb5 28. axb5 gxf5 29. gxf5 exf5 30. Kg2 Kc7 31. Kg3 Kd7 32. Bg5 Nd3 33. Kh4 Nf2 34. Bxe7 Kxe7 35. Kg5 Ke6 36. Kf4 f6 37. exf6 Kxf6 38. Ne5 Nh3 39. Ke3 Ng5 40. Nd7 Ke7 41. Nc5 b6 42. Nd3 Ne6 43. Ne5 Kf6 44. Nc6 Kg5 45. Nxa7 f4 46. Kf2 Nxd4 47. Nc8 Kf5 48. Nxb6 Ke4 49. Nd7 Nxb5 50. Nc5 Kf5 51. Nd3 Nd4 52. b4 Ke4 53. Nc5 Ke5 54. Nd3 Kf5 55. Nc5 Kg4 56. Nd3 Nb5 57. Ne5 Kf5  1/2-1/2

[Event "2011 Canadian Closed"]
[Site "Guelph Canada"]
[EventDate "2011.05.06"]
[Date "2011.05.07"]
[Round "4"]
[White "Nicholson, Matthew"]
[WhiteTitle "-"]
[WhiteElo "2020"]
[Black "Dougherty, Michael"]
[BlackTitle "FM"]
[BlackElo "2312"]
[Result "0-1"]
[Source "MonRoi"]

1. e4 c5 2. Nf3 d6 3. d4 cxd4 4. Nxd4 Nf6 5. Nc3 Nc6 6. Bg5 Bd7 7. Qd2 Rc8 8. f4 h6 9. Bxf6 gxf6 10. O-O-O Nxd4 11. Qxd4 Qa5 12. Kb1 Qc5 13. Qd2 e6 14. Be2 b5 15. Bf3 b4 16. Ne2 e5 17. Ng3 a5 18. Nh5 Be7 19. Ng7 Kf8 20. Nf5 Be6 21. Ne3 exf4 22. Nd5 Bxd5 23. exd5 f5 24. Rhe1 Bh4 25. Re2 Qc4 26. Qd4 Rg8 27. Qa7 Rc7 28. Qxa5 Bf6 29. Qa4 Kg7 30. Rd3 Qc5 31. Re1 Rgc8 32. Rd2 Bxb2  0-1

[Event "2011 Canadian Closed"]
[Site "Guelph Canada"]
[EventDate "2011.05.06"]
[Date "2011.05.07"]
[Round "4"]
[White "Haessel, Dale"]
[WhiteTitle "FM"]
[WhiteElo "2233"]
[Black "Drkulec, Vladimir"]
[BlackTitle "-"]
[BlackElo "2202"]
[Result "1-0"]
[Source "MonRoi"]

1. d4 g6 2. c4 Bg7 3. Nf3 Nf6 4. g3 d5 5. cxd5 Nxd5 6. Bg2 O-O 7. O-O Nb6 8. Nc3 Nc6 9. d5 Nb8 10. e4 c6 11. Bf4 cxd5 12. exd5 N8d7 13. Qb3 Nf6 14. Rad1 Bg4 15. Rfe1 Qd7 16. Rd2 Bxf3 17. Bxf3 Rfe8 18. Nb5 Rec8 19. Nxa7 Rxa7 20. Qxb6 Rxa2 21. d6 exd6 22. Rxd6 Ra6 23. Qxb7 Rxd6 24. Bxd6 Qxb7 25. Bxb7 Rd8 26. Be5 Kf8 27. b4 Ne8 28. Bf4 Bc3 29. Rb1 g5 30. Bxg5 Rb8 31. Be4 Rxb4 32. Rxb4 Bxb4 33. Bxh7 Kg7 34. Bc2 Nf6 35. Kg2 Bc3 36. Kf3 Bd4 37. Bf5 Ng8 38. h4 Nf6 39. g4 Ng8 40. Be3 Bc3 41. g5 f6 42. Ke4 Ne7 43. f4 Kf7 44. Bc5 Bb2 45. Bg4 Ng8 46. f5 Bc1 47. Bh5 Kg7 48. Bd4 Bd2 49. Bd1 Kf8 50. gxf6 Bb4 51. Ke5 Nh6 52. Ke6 Nf7 53. Bb6 Kg8 54. Bh5 Nh6 55. Be3 Bf8 56. f7 Nxf7 57. Bxf7 Kg7 58. f6 Kh7 59. Bf4 Kh8 60. Bd6 Bh6 61. Bg6  1-0

[Event "2011 Canadian Closed"]
[Site "Guelph Canada"]
[EventDate "2011.05.06"]
[Date "2011.05.08"]
[Round "5"]
[White "Noritsyn, Nikolay"]
[WhiteTitle "IM"]
[WhiteElo "2584"]
[Black "Panjwani, Raja"]
[BlackTitle "IM"]
[BlackElo "2450"]
[Result "1-0"]
[Source "MonRoi"]

1. c4 Nf6 2. Nc3 g6 3. g3 Bg7 4. Bg2 d6 5. d4 O-O 6. e3 c5 7. d5 Na6 8. Nge2 Nc7 9. a3 b5 10. cxb5 Rb8 11. Qd3 a6 12. Rb1 e6 13. dxe6 Bxe6 14. bxa6 d5 15. O-O Bf5 16. e4 Nxe4 17. Nxe4 dxe4 18. Qxd8 Rbxd8 19. Bg5 Rd7 20. Rbd1 Nxa6 21. Nc3 Rb7 22. Bc1 Rb3 23. Rfe1 Nc7 24. Bxe4 Bxe4 25. Nxe4 Ne6 26. Nd2 Rd3 27. Nc4 Rfd8 28. Rxd3 Rxd3 29. Be3 Rb3 30. Kf1 h5 31. h4 Bf6 32. Rd1 Nd4 33. Rd2 Kf8 34. Kg2 Ke7 35. Na5 Rb5 36. b4 Ke6 37. bxc5 Rxa5 38. Bxd4 Bxd4 39. Rxd4 Rxc5 40. Re4 Kf5 41. Rf4 Ke6 42. Re4 Kf5 43. Rb4 Rc3 44. a4 Ra3 45. Rb5 Kf6 46. a5 Kg7 47. Kf1 Ra2 48. Ke1 Kh6 49. Rc5 f6 50. f4 Ra3 51. Kd2 Rxg3 52. a6 Ra3 53. Rc6 Ra4 54. Ke3 Kg7 55. Rc7 Kh6 56. Rc6 Kg7 57. Rc7 Kh6 58. a7 g5 59. hxg5 fxg5 60. f5 g4 61. f6 Ra3 62. Kf4 -? 63. Kf5 Ra5 64. Kf4 Ra4 65. Kf5 Ra5 66. Ke6 g3 67. f7 Kg7 68. Ke7 Re5 69. Kd6 Ra5 70. Ke7 Re5 71. Kd8 g2 72. a8Q g1Q 73. f8Q Kxf8 74. Kd7  1-0

[Event "2011 Canadian Closed"]
[Site "Guelph Canada"]
[EventDate "2011.05.06"]
[Date "2011.05.08"]
[Round "5"]
[White "Sambuev, Bator"]
[WhiteTitle "GM"]
[WhiteElo "2750"]
[Black "Gerzhoy, Leonid"]
[BlackTitle "IM"]
[BlackElo "2629"]
[Result "1/2-1/2"]
[Source "MonRoi"]

1. d4 d5 2. c4 c6 3. Nc3 Nf6 4. Nf3 dxc4 5. a4 Bf5 6. Ne5 Nbd7 7. Nxc4 Qc7 8. g3 e5 9. dxe5 Nxe5 10. Bf4 Nfd7 11. Bg2 g5 12. Bxe5 Nxe5 13. Qd4 f6 14. O-O Be7 15. Ne3 Bg6 16. a5 O-O 17. Rfc1 a6 18. Ncd5 Qd8 19. Nxe7 Qxe7 20. Rd1 f5 21. f4 gxf4 22. Qxf4 Rae8 23. Rd2 Ng4 24. Nxg4 fxg4 25. Qc4 Rf7 26. e4 Qe6 27. Qc3 Qe5 28. Rd8 Rfe7 29. Rxe8 Bxe8 30. Ra4 Qxc3 31. bxc3 c5 32. Ra1 Bc6 33. Re1 Rd7 34. Kf2 Rd2 35. Re2 Rd3 36. Re3 Rd2 37. Re2 Rd3 38. Re3  1/2-1/2

[Event "2011 Canadian Closed"]
[Site "Guelph Canada"]
[EventDate "2011.05.06"]
[Date "2011.05.08"]
[Round "5"]
[White "Jung, Hans"]
[WhiteTitle "FM"]
[WhiteElo "2289"]
[Black "Calugar, Arthur"]
[BlackTitle "-"]
[BlackElo "2401"]
[Result "0-1"]
[Source "MonRoi"]

1. Nc3 d5 2. e4 d4 3. Nce2 c5 4. Ng3 Nc6 5. Nf3 e5 6. Bc4 Be7 7. d3 Nf6 8. a3 O-O 9. O-O Ne8 10. h3 Kh8 11. Bd5 Qd6 12. Bxc6 bxc6 13. b3 g6 14. Nh2 Bh4 15. Ne2 Ng7 16. f4 exf4 17. Bxf4 Qd8 18. Nf3 Be7 19. Qd2 f6 20. e5 Be6 21. exf6 Bxf6 22. Ng3 Bd5 23. Rae1 Ne6 24. Be5 Bxe5 25. Nxe5 Qh4 26. Ne4 Kg7 27. Nd7 Rxf1+ 28. Kxf1 Qe7 29. Ne5 Qc7 30. Ng4 Rf8+ 31. Kg1 Nf4 32. g3 Bxe4 33. Rxe4 Nh5 34. Qh6+ Kg8 35. Ne5 Qd6 36. g4 Qf6 37. Qxf8+ Qxf8 38. gxh5 gxh5 39. Kg2 Qg7+ 40. Kf2 Qg5 41. a4 Qc1 42. Re2 h4 43. Ng4 Qh1 44. Nf6+ Kg7 45. Nh5+ Kg6 46. Nf4 Kf5 47. Re4 Qxe4 48. dxe4+ Kxf4 49. e5 Kxe5 50. Kf3 Kf5  0-1

[Event "2011 Canadian Closed"]
[Site "Guelph Canada"]
[EventDate "2011.05.06"]
[Date "2011.05.08"]
[Round "5"]
[White "Plotkin, Victor"]
[WhiteTitle "-"]
[WhiteElo "2422"]
[Black "Itkin, David"]
[BlackTitle "-"]
[BlackElo "2160"]
[Result "1-0"]
[Source "MonRoi"]

1. e4 c6 2. d4 d5 3. Nc3 dxe4 4. Nxe4 Nd7 5. Nf3 Ngf6 6. Ng3 e6 7. Bc4 Nb6 8. Bb3 a5 9. c3 Be7 10. O-O O-O 11. Re1 c5 12. Bg5 Nbd7 13. Qe2 h6 14. Bf4 cxd4 15. Nxd4 Nc5 16. Rad1 Bd7 17. Bc2 Nd5 18. Bc1 Bd6 19. Ne4 Nxe4 20. Qxe4 Nf6 21. Qf3 Qc7 22. Bxh6 Bxh2 23. Kh1 gxh6 24. Qxf6 Bf4 25. Re4 Bg5 26. Rg4 e5 27. Rxg5  1-0

[Event "2011 Canadian Closed"]
[Site "Guelph Canada"]
[EventDate "2011.05.06"]
[Date "2011.05.08"]
[Round "5"]
[White "Dougherty, Michael"]
[WhiteTitle "FM"]
[WhiteElo "2312"]
[Black "Thavandiran, Shiyam"]
[BlackTitle "FM"]
[BlackElo "2463"]
[Result "0-1"]
[Source "MonRoi"]

1. Nf3 d5 2. c4 d4 3. e3 Nc6 4. exd4 Nxd4 5. Nxd4 Qxd4 6. d3 e5 7. Nc3 Ne7 8. Be3 Qd6 9. Nb5 Qd8 10. d4 c6 11. Nc3 Nf5 12. dxe5 Nxe3 13. Qxd8 Kxd8 14. fxe3 Bc5 15. Ne4 Bxe3 16. Nd6 Be6 17. Bd3 g6 18. Rd1 Kc7 19. Rf1 f5 20. Be2 h5 21. Rf3 Bg1 22. h4 a6 23. g3 Bc5 24. a3 Rad8 25. Rfd3 a5 26. Kf1 Rhf8 27. Kg2 b6 28. R1d2 Rd7 29. Kf3 Rfd8 30. Kf4 Bxd6 31. exd6 Rxd6 32. c5 Rxd3 33. cxb6 Kxb6 34. Rxd3 Re8 35. Bf3 Bd5 36. Bxd5 cxd5 37. Kg5 Kc5 38. Rc3 Kd4 39. Kxg6 Ke4 40. b4 d4 41. Rc1 Rg8 42. Kxh5 d3 43. Re1 Kf3 44. Rf1 Ke2 45. Rxf5 Rd8 46. Rc5 d2 47. Rc2 a4 48. Kg6 Kd3 49. Rxd2 Kxd2 50. g4 Kc3 51. g5 Kb3 52. Kf7 Kxa3 53. g6 Kxb4 54. g7 a3 55. g8Q Rxg8 56. Kxg8 a2 57. h5 a1Q 58. h6 Qa2 59. Kg7 Qb2  0-1

[Event "2011 Canadian Closed"]
[Site "Guelph Canada"]
[EventDate "2011.05.06"]
[Date "2011.05.08"]
[Round "5"]
[White "Kleinman, Michael"]
[WhiteTitle "-"]
[WhiteElo "2301"]
[Black "Hamilton, Robert"]
[BlackTitle "FM"]
[BlackElo "2370"]
[Result "1/2-1/2"]
[Source "MonRoi"]

1. e4 c5 2. Nf3 e6 3. Nc3 d6 4. d4 cxd4 5. Nxd4 a6 6. g3 Nf6 7. Bg2 Be7 8. O-O O-O 9. b3 Qc7 10. Bb2 Nbd7 11. a4 Rb8 12. a5 b5 13. axb6 Qxb6 14. Na4 Qc7 15. Re1 Bb7 16. c4 Rfd8 17. Bc3 Ne5 18. Qd2 Nc6 19. Nc2 Nd7 20. Ne3 Bf6 21. Rad1 Bxc3 22. Qxc3 Nc5 23. Ra1 Bc8 24. Reb1 Nb4 25. Nc2 a5 26. Nxb4 Rb4 27. Nxc5 Qxc5 28. Rb2 Bd7 29. Rba2 a4 30. bxa4 Rc4 31. Qa3 Qc7 32. a5 Ra8 33. Qe3 Rc3 34. Qd2 Bb5 35. Bf1 Bxf1 36. Rxf1 Ra6 37. Rb1 h6 38. Rb6 Rc6 39. Rxa6 Rxa6 40. Kg2 Qc5 41. Qd3 Ra5  1/2-1/2